Teoría general del proyecto

Gardado en:
Detalles Bibliográficos
Autor Principal: Cos Castillo, Manuel de (Author)
Formato: Libro
Idioma:Lingua castelá
Publicado: Madrid Síntesis 2007
Series:Síntesis Ingeniería
Subjects:
Tags: Engadir etiqueta
Sen Etiquetas, Sexa o primeiro en etiquetar este rexistro!

MARC

LEADER 00000cam a2200000 a 4500
001 UCG7999
003 CL-VaPUC
008 111104e20070000SP |||||||||||||||||spa|d
020 |a 9788477384525v.1 
020 |a 9788477383324v.2 
082 0 4 |a 658.404  |b COS  |2 21 
100 0 |a Cos Castillo, Manuel de  |e author  |9 558501 
245 1 0 |a Teoría general del proyecto 
300 |a v 
942 |c BK 
945 |d 20111104 00:00:00  |a dcastane 
260 |a Madrid  |b Síntesis  |c 2007 
500 |a v.1: Dirección de Proyectos. Project Management 
500 |a v.2: Ingeniería de Proyectos. Project Engineering 
650 0 |a Gestión de proyectos  |9 260970 
650 0 |a Administración de empresas   |9 260833 
650 0 |a Costos   |9 261063 
650 0 |a Precios   |9 260787 
650 0 |a Teoría de sistemas  |9 260742 
583 |a last modification  |c 20111104 14:34:00  |k Rodrigo Vera 
490 0 |a Síntesis Ingeniería 
999 |c 345658  |d 345656 
952 |0 0  |1 0  |4 0  |6 658_404000000000000_COS_2007  |7 0  |8 R  |9 444626  |a BIBARQ  |b BIBARQ  |d 2019-11-22  |h v.1  |i 4793994  |o 658.404 COS 2007  |p 4793994  |r 2025-01-20  |w 2019-11-22  |y BK_R  |k ARQ 
952 |0 0  |1 0  |4 0  |6 658_404000000000000_COS_2007  |7 0  |8 R  |9 444627  |a BIBARQ  |b BIBARQ  |d 2019-11-22  |h v.2  |i 4794001  |o 658.404 COS 2007  |p 4794001  |r 2025-01-20  |w 2019-11-22  |y BK_R  |k ARQ